Manufacturing Planning and Control Systems (Record no. 4802)

MARC details
005 - DATE AND TIME OF LATEST TRANSACTION
control field 20250624094855.0
020 ## - INTERNATIONAL STANDARD BOOK NUMBER
International Standard Book Number 0-256-13899-0
082 ## - DEWEY DECIMAL CLASSIFICATION NUMBER
Classification number 658.5 VOL
100 ## - MAIN ENTRY--PERSONAL NAME
Author name VOLLMANN,Thomas E
245 ## - TITLE STATEMENT
Title Manufacturing Planning and Control Systems
250 ## - EDITION STATEMENT
Edition statement 4th Ed.
260 ## - PUBLICATION, DISTRIBUTION, ETC.
Place of publication, distribution, etc. Boston
Name of publisher, distributor, etc. McGraw-Hill Irwin,
Date of publication, distribution, etc. 1997
300 ## - PHYSICAL DESCRIPTION
Extent xxv,836p.;Figure,picture
Other physical details Index
Dimensions 24cm.
700 ## - ADDED ENTRY--PERSONAL NAME
Other authors/Editors William L. Berry,D.Clay Whybark
942 ## - ADDED ENTRY ELEMENTS (KOHA)
Source of classification or shelving scheme Dewey Decimal Classification
Koha item type Books
Holdings
Date last seen Total checkouts Full call number Barcode Cost, replacement price Price effective from Koha item type Lost status Source of classification or shelving scheme Damaged status Not for loan Withdrawn status Home library Current library Shelving location Date acquired Source of acquisition Cost, normal purchase price
06/24/2025   658.5 VOL MZA0002022 90000.00 06/24/2024 Books   Dewey Decimal Classification       CBE Mwanza CBE Mwanza Special Reserve Collection 07/09/2024 Library Budget 30000.00
06/24/2025   658.5 VOL MZA0002023 90000.00 06/24/2024 Books   Dewey Decimal Classification       CBE Mwanza CBE Mwanza Special Reserve Collection 07/09/2024 Library Budget 30000.00
06/24/2025   658.5 VOL MZA0002024 90000.00 06/24/2024 Books   Dewey Decimal Classification       CBE Mwanza CBE Mwanza Special Reserve Collection 07/09/2024 Library Budget 30000.00
06/24/2025   658.5 VOL MZA0002025 90000.00 06/24/2024 Books   Dewey Decimal Classification       CBE Mwanza CBE Mwanza Special Reserve Collection 07/09/2024 Library Budget 30000.00